[Event "72nd ch-RUS w 2022"]
[Site "Cheboksary RUS"]
[Date "2022.09.22"]
[Round "11.4"]
[White "Ovod, Evgenija"]
[Black "Gunina, Valentina"]
[Result "0-1"]
[WhiteTitle "IM"]
[BlackTitle "GM"]
[WhiteElo "2323"]
[BlackElo "2469"]
[WhiteFideId "4131827"]
[BlackFideId "4167570"]
[EventDate "2022.09.11"]

1. e4 c6 2. d4 d5 3. exd5 cxd5 4. Bd3 Nc6 5. c3 e6 6. Bf4 Nge7 7. h4 Ng6 8. Bg5
Be7 9. h5 Nge5 10. Bxe7 Nxd3+ 11. Qxd3 Qxe7 12. Qg3 f6 13. Nf3 e5 14. dxe5 fxe5
15. O-O O-O 16. Re1 Rf5 17. h6 e4 18. Nbd2 Qf6 19. hxg7 Be6 20. Nd4 Nxd4 21.
cxd4 Rg5 22. Qe3 Qxg7 23. g3 Rf8 24. Kg2 Bg4 25. Rac1 Rgf5 26. f4 exf3+ 27. Kf2
R5f6 28. Qe5 Qh6 29. Nf1 Qh3 30. Qxd5+ Be6 31. Qg5+ Rg6 32. Qe7 Bxa2 33. Re3
Qg2+ 34. Ke1 Qxb2 35. Qa3 f2+ 36. Kd1 Qxd4+ 37. Rd3 Qg4+ 38. Kd2 Qg5+ 39. Kd1
Be6 40. Rc7 Bg4+ 41. Kc2 Bf5 42. Qb3+ Re6 43. Kb2 Qf6+ 44. Rdc3 Kh8 45. Qc4 Rb6+
46. Ka3 Qd6+ 47. Qc5 Qxc5+ 48. R3xc5 Bd3 49. Rh5 h6 50. Rd5 Bxf1 51. Rdd7 Bd3 0-1

[Event "72nd ch-RUS w 2022"]
[Site "Cheboksary RUS"]
[Date "2022.09.22"]
[Round "11.5"]
[White "Yakimova, Mariya"]
[Black "Goltseva, Ekaterina"]
[Result "0-1"]
[WhiteTitle "WFM"]
[BlackTitle "FM"]
[WhiteElo "2252"]
[BlackElo "2275"]
[WhiteFideId "34188859"]
[BlackFideId "24173770"]
[EventDate "2022.09.11"]

1. d4 Nf6 2. c4 e6 3. g3 d5 4. Nf3 Be7 5. Bg2 O-O 6. O-O dxc4 7. Qc2 b5 8. a4 b4
9. Nfd2 Nd5 10. Nxc4 c5 11. dxc5 Ba6 12. Ne3 Nd7 13. Nxd5 exd5 14. c6 Rc8 15.
Rd1 Ne5 16. Rxd5 Rxc6 17. Qd1 Qc8 18. Nd2 Bxe2 19. Qxe2 Rxc1+ 20. Rxc1 Qxc1+ 21.
Nf1 Ng6 22. h4 Bf6 23. h5 Ne7 24. Rd7 Qc5 25. Ne3 Qe5 26. h6 Ng6 27. hxg7 Bxg7
28. b3 f5 29. Rd5 Qa1+ 30. Rd1 Qe5 31. Qc4+ Kh8 32. Qxb4 f4 33. Nc4 Qg5 34. Rd5
Qf6 35. Qd6 Qc3 36. Rd3 Qe1+ 37. Bf1 fxg3 38. Qxg3 Nf4 39. Re3 Qa1 40. Nd2 Bd4
41. Re4 Bxf2+ 42. Kxf2 Nh5+ 43. Qf3 Rxf3+ 44. Nxf3 Qb2+ 45. Be2 Qxb3 46. a5 Nf6
47. Rd4 Nd5 48. Re4 Qa2 49. Re8+ Kg7 50. Re5 Qxa5 51. Rg5+ Kf6 52. Bd3 Qb6+ 53.
Kg3 Qc7+ 54. Kf2 Nf4 55. Rf5+ Kg7 56. Be4 Qb6+ 57. Kg3 Ne2+ 58. Kg4 Qe6 59. Ng5
Qd7 60. Kh4 Nc3 61. Bc2 h6 62. Nh3 Nd5 63. Be4 Qe7+ 64. Ng5 hxg5+ 65. Rxg5+ Kh6 0-1

[Event "72nd ch-RUS w 2022"]
[Site "Cheboksary RUS"]
[Date "2022.09.22"]
[Round "11.6"]
[White "Guseva, Marina"]
[Black "Pogonina, Natalija"]
[Result "1/2-1/2"]
[WhiteTitle "IM"]
[BlackTitle "WGM"]
[WhiteElo "2363"]
[BlackElo "2453"]
[WhiteFideId "4149351"]
[BlackFideId "4147855"]
[EventDate "2022.09.11"]

1. d4 Nf6 2. c4 e6 3. Nf3 d5 4. g3 Bb4+ 5. Nbd2 O-O 6. Bg2 b6 7. O-O Bb7 8. b3
Nbd7 9. Bb2 Rc8 10. Rc1 Qe7 11. a3 Bxa3 12. Bxa3 Qxa3 13. Ra1 Qd6 14. Rxa7 Ra8
15. Rxa8 Rxa8 16. Qc2 c5 17. e3 1/2-1/2